Match Car Models And Brands - Statistics

General Stats
  • This quiz has been taken 899 times
  • The average score is 14 of 18
Answer Stats
Hint Answer % Correct
Mustang Ford
98%
Charger Dodge
91%
911 Porsche
90%
Camaro Chevrolet
88%
Skyline Nissan
87%
Camry Toyota
87%
R8 Audi
86%
Enzo Ferrari
86%
Veyron Bugatti
85%
Murcielago Lamborghini
81%
Impreza Subaru
81%
RX7 Mazda
80%
Escalade Cadillac
73%
DB9 Aston Martin
69%
Beetle VW
65%
H3 Hummer
62%
300c Chrysler
53%
Commodore Holden
37%
No matching quizzes found
Score Distribution
Percent of People with Each Score
Percentile by Number Answered
Your Score History
You have not taken this quiz